| 000 | 00412nam a2200157Ia 4500 | ||
|---|---|---|---|
| 008 | 230718s9999 xx 000 0 und d | ||
| 041 | _aeng | ||
| 082 |
_a325 _bSMI |
||
| 100 |
_aSmith P _9112945 |
||
| 245 | _aMathematical Techniques | ||
| 260 |
_c2002 _bTechnical Publications |
||
| 300 | _a860 | ||
| 365 |
_cRs. _b1145.00 |
||
| 700 |
_aSmith P & Jordon D W _9188159 |
||
| 906 |
_dB:1827928-Sep-2003 _cETC _b229 |
||
| 999 |
_c306146 _d306146 |
||